[Event "AUTO-OPEN-980"]
[Site "http://www.queenalice.com/game.php?id=340739"]
[Date "2008.1.22"]
[Round "1"]
[White "patouadore"]
[Black "alexandre35"]
[Result "0-1"]
[WhiteElo "1378"]
[BlackElo "1525"]

1. e4 c5 2. Nf3 d6 3. Bc4 Nf6 4. d3 a6 5. a3 b5 6. Ba2 e6 7. Bg5 Be7 8. Nc3 Bb7
9. O-O O-O 10. Re1 Nc6 11. e5 Nxe5 12. Nxe5 dxe5 13. Rxe5 Qd4 14. Re1 h6 15.
Bxf6 Bxf6 16. Rb1 Rac8 17. Ne4 Bxe4 18. Rxe4 Qd7 19. Qe2 c4 20. dxc4 bxc4 21.
Rxc4 Rb8 22. Rd1 Qa7 23. b3 Rfd8 24. Re4 Rxd1+ 25. Qxd1 Rd8 26. Qe2 Bc3 27. Kf1
Qd7 28. b4 Qd1+ 29. Qxd1 Rxd1+ 30. Ke2 Ra1 31. Rc4 Bf6 32. Bb3 Rxa3 33. Rc8+ Kh7
34. Ra8 Bb2 35. Ra7 Bd4 36. Rxf7 Kg6 0-1

[Event "AUTO-OPEN-980"]
[Site "http://www.queenalice.com/game.php?id=340748"]
[Date "2008.1.22"]
[Round "1"]
[White "Fudencio"]
[Black "patouadore"]
[Result "1-0"]
[WhiteElo "2070"]
[BlackElo "1579"]

1. e4 e5 2. Nf3 Nc6 3. Bc4 Bc5 4. c3 Nf6 5. d3 d6 6. Nbd2 a6 7. Bb3 Bg4 8. O-O
O-O 9. Nc4 b5 10. Ne3 Be6 11. Bxe6 fxe6 12. Ng5 Qe7 13. Qb3 1-0

[Event "AUTO-OPEN-980"]
[Site "http://www.queenalice.com/game.php?id=340749"]
[Date "2008.1.22"]
[Round "1"]
[White "patouadore"]
[Black "Fudencio"]
[Result "0-1"]
[WhiteElo "1529"]
[BlackElo "2180"]

1. e4 c5 2. Nf3 Nc6 3. Bb5 g6 4. Bxc6 dxc6 5. d3 Bg7 6. h3 Nf6 7. Be3 Nxe4 8. c3
Nf6 9. Bxc5 Qd5 10. Be3 Bf5 11. d4 Qb5 12. Bc1 Qa6 13. Na3 Ne4 14. Qe2 Qxe2+ 15.
Kxe2 O-O 16. g4 Bd7 17. Nd2 Nxd2 18. Bxd2 f5 19. f3 e5 20. dxe5 Rae8 0-1

[Event "AUTO-INT-765"]
[Site "http://www.queenalice.com/game.php?id=342393"]
[Date "2008.1.25"]
[Round "1"]
[White "patouadore"]
[Black "Richardlim"]
[Result "0-1"]
[WhiteElo "1499"]
[BlackElo "1709"]

1. e4 b6 2. d4 Bb7 3. Bd3 Nf6 4. Nd2 e6 5. Ngf3 Be7 6. O-O O-O 7. Re1 a5 8. c4
Ba6 9. Qc2 Ne8 10. e5 g6 11. Nf1 Kh8 12. Bh6 Ng7 0-1

[Event "AUTO-INT-765"]
[Site "http://www.queenalice.com/game.php?id=342394"]
[Date "2008.1.25"]
[Round "1"]
[White "Richardlim"]
[Black "patouadore"]
[Result "1-0"]
[WhiteElo "1713"]
[BlackElo "1579"]

1. e4 e5 2. Nf3 Nc6 3. Bc4 Bc5 4. d3 h6 5. Nfd2 Nf6 6. Nb3 Bb6 7. Qf3 d6 8. Qg3
Nh5 9. Qf3 Nf6 10. c3 Bg4 11. Qg3 Qd7 12. h3 Nh5 13. Qxg4 1-0

[Event "AUTO-INT-765"]
[Site "http://www.queenalice.com/game.php?id=342395"]
[Date "2008.1.25"]
[Round "1"]
[White "patouadore"]
[Black "ronmos14"]
[Result "0-1"]
[WhiteElo "1407"]
[BlackElo "1477"]

1. e4 d5 2. exd5 Qxd5 3. Nc3 Qe6+ 4. Qe2 g6 5. Nf3 Bg7 6. Qxe6 Bxe6 7. Bb5+ c6
8. Ba4 Nh6 9. O-O O-O 10. d3 Nd7 11. Bb3 Ng4 12. Bxe6 fxe6 13. Re1 e5 14. h3 Nh6
15. Bxh6 Bxh6 16. Nxe5 Nxe5 17. Rxe5 Rf7 18. Na4 Raf8 19. Nc5 Rxf2 20. Rxe7 Rxc2
21. Nxb7 Rxb2 22. Nc5 Bg5 23. Rxa7 Be3+ 0-1

[Event "AUTO-INT-765"]
[Site "http://www.queenalice.com/game.php?id=342396"]
[Date "2008.1.25"]
[Round "1"]
[White "ronmos14"]
[Black "patouadore"]
[Result "1-0"]
[WhiteElo "1463"]
[BlackElo "1423"]

1. d4 Nf6 2. d5 d6 3. f3 Nbd7 4. e4 c6 5. dxc6 bxc6 6. c3 Qb6 7. Bd3 Ba6 8. Na3
Bxd3 9. Qxd3 Nc5 10. Qd1 g6 11. Nc4 Qc7 12. Bf4 Ne6 13. Be3 Rb8 14. b4 Bg7 15.
Ne2 O-O 16. a4 1-0

[Event "AUTO-OPEN-988"]
[Site "http://www.queenalice.com/game.php?id=344361"]
[Date "2008.1.28"]
[Round "1"]
[White "patouadore"]
[Black "silverado"]
[Result "0-1"]
[WhiteElo "1529"]
[BlackElo "1770"]

1. e4 e5 2. Nf3 Nc6 3. Bb5 d6 4. d4 a6 5. Bxc6+ bxc6 6. dxe5 Bg4 7. exd6 Bxd6 8.
Qd3 a5 9. O-O f6 10. Re1 c5 11. Nbd2 Ne7 12. Qc4 h5 13. h3 Bxf3 14. Nxf3 Ng6 15.
Be3 Qe7 16. Rad1 h4 0-1

[Event "AUTO-OPEN-988"]
[Site "http://www.queenalice.com/game.php?id=344362"]
[Date "2008.1.28"]
[Round "1"]
[White "silverado"]
[Black "patouadore"]
[Result "1-0"]
[WhiteElo "1818"]
[BlackElo "1432"]

1. e4 e5 2. Nf3 Nc6 3. Bc4 Bc5 4. d3 h6 5. Nc3 d6 6. Nd5 Nf6 7. h3 O-O 8. c3 Be6
9. Nxf6+ Qxf6 10. h4 Bxc4 11. dxc4 Qg6 12. O-O Qxe4 13. b4 Bb6 14. c5 dxc5 15.
Re1 Qg4 16. b5 e4 17. bxc6 1-0

[Event "AUTO-OPEN-988"]
[Site "http://www.queenalice.com/game.php?id=344363"]
[Date "2008.1.28"]
[Round "1"]
[White "patouadore"]
[Black "cardi"]
[Result "0-1"]
[WhiteElo "1359"]
[BlackElo "2124"]

1. e4 e5 2. Nf3 Nc6 3. Bb5 Bc5 4. c3 Nge7 5. O-O O-O 6. d4 exd4 7. cxd4 Bb6 8.
Nc3 d6 9. Bf4 Bg4 10. Qd3 Bxf3 0-1

[Event "AUTO-ADV-783"]
[Site "http://www.queenalice.com/game.php?id=344427"]
[Date "2008.1.28"]
[Round "1"]
[White "patouadore"]
[Black "chapichapo"]
[Result "0-1"]
[WhiteElo "1380"]
[BlackElo "1834"]

1. e4 e5 2. Nf3 Nf6 3. Nc3 Nc6 4. Bb5 Nd4 5. Nxd4 exd4 6. e5 dxc3 7. exf6 cxd2+
8. Bxd2 Qxf6 9. Qe2+ Be7 10. Bb4 c6 11. Bd3 d6 12. Bc3 Qg5 13. O-O Bh3 14. Qf3
Bg4 15. Qg3 h5 16. h3 Be6 17. Qxg5 Bxg5 18. Bxg7 Rg8 19. Bc3 h4 0-1

[Event "AUTO-ADV-783"]
[Site "http://www.queenalice.com/game.php?id=344444"]
[Date "2008.1.28"]
[Round "1"]
[White "patouadore"]
[Black "fugazeton2"]
[Result "0-1"]
[WhiteElo "1431"]
[BlackElo "1671"]

1. e4 c5 2. Nf3 d6 3. Nc3 Nf6 4. Bb5+ Bd7 5. Bxd7+ Qxd7 6. d3 g6 7. Bg5 Bg7 8.
O-O Nc6 9. Rb1 O-O 10. a3 h6 11. Bxf6 Bxf6 12. Nd5 Bg7 13. Nd2 e6 14. Ne3 Rab8
0-1

[Event "AUTO-ADV-783"]
[Site "http://www.queenalice.com/game.php?id=344445"]
[Date "2008.1.28"]
[Round "1"]
[White "fugazeton2"]
[Black "patouadore"]
[Result "1-0"]
[WhiteElo "1670"]
[BlackElo "1517"]

1. c4 Nf6 2. d4 g6 3. Nc3 Bg7 4. e3 d6 5. Nf3 Bg4 6. Be2 O-O 7. O-O Nbd7 8. h3
Bxf3 9. Bxf3 c6 10. b3 e5 11. dxe5 Nxe5 12. Bb2 Nxf3+ 13. Qxf3 Qc7 14. Rab1 Rad8
15. Rbd1 1-0

[Event "AUTO-ADV-783"]
[Site "http://www.queenalice.com/game.php?id=344446"]
[Date "2008.1.28"]
[Round "1"]
[White "patouadore"]
[Black "thw"]
[Result "0-1"]
[WhiteElo "1431"]
[BlackElo "1853"]

1. e4 e6 2. d4 d5 3. Nd2 Nf6 4. e5 Nfd7 5. Ngf3 c5 6. c3 Nc6 7. Bb5 Qb6 8. Bxc6
bxc6 9. a3 cxd4 10. cxd4 c5 11. dxc5 Bxc5 12. O-O Ba6 13. b4 Bd4 0-1

[Event "AUTO-ADV-783"]
[Site "http://www.queenalice.com/game.php?id=344447"]
[Date "2008.1.28"]
[Round "1"]
[White "thw"]
[Black "patouadore"]
[Result "1-0"]
[WhiteElo "1851"]
[BlackElo "1431"]

1. e4 e5 2. Nf3 Nc6 3. Bb5 a6 4. Bxc6 dxc6 5. O-O Bg4 6. h3 h5 7. Re1 Bxf3 8.
Qxf3 Qf6 9. Qb3 Bc5 10. Re2 O-O-O 11. d3 Ne7 12. Be3 Bxe3 13. Rxe3 c5 14. Nc3
1-0